Top 10 American Countries by Highest Recorded Temperature - Statistics

General Stats
  • This quiz has been taken 28 times
  • The average score is 9 of 10
Answer Stats
° C Country ° F % Correct
52 Mexico 125.6
96%
48.9 Argentina 120
92%
44.8 Brazil 112.6
92%
44.9 Chile 112.8
92%
56.7 United States 134
92%
46.7 Bolivia 116.1
88%
49.6 Canada 121.3
88%
45 Colombia 113
85%
45 Guatemala 113
85%
45 Paraguay 113
85%
No matching quizzes found
Score Distribution
Percent of People with Each Score
Percentile by Number Answered
Your Score History
You have not taken this quiz